000 00430nam a2200181Ia 4500
001 1596
005 20260306143740.0
008 260306t2018||||xx |||||||||||||| ||spa||
041 _aESP
082 _a153.14
_bP33
100 _aPaz Enríquez, Susana
_eAUT
245 0 _aTécnicas para mejorar la memoria
260 _c2018
300 _a319 páginas :
_c24 cm.
650 _aGEN
654 _aCPS
942 _cLIB
_dJUS
_fJUS
_2ddc
_n
999 _c1596
_d1596